Crisis y cambios en la sociedad contemporánea : (Record no. 182526)
[ view plain ]
| 000 -LEADER | |
|---|---|
| campo de control de longitud fija | 01562nam a2200349 i 4500 |
| 001 - NÚMERO DE CONTROL | |
| campo de control | 182526 |
| 003 - IDENTIFICADOR DE NÚMERO DE CONTROL | |
| campo de control | ES-MaACL |
| 005 - FECHA Y HORA DE LA ÚLTIMA TRANSACCIÓN | |
| campo de control | 20231027131619.0 |
| 008 - DATOS DE LONGITUD FIJA--INFORMACIÓN GENERAL | |
| campo de control de longitud fija | 130911s2012 sp ad |||| | spa d |
| 020 ## - NÚMERO INTERNACIONAL ESTÁNDAR DEL LIBRO | |
| Número Internacional Estándar del Libro | 978-84-7074-539-3 |
| 080 ## - NÚMERO DE LA CLASIFICACIÓN DECIMAL UNIVERSAL | |
| Número de la Clasificación Decimal Universal | 316.77:32(063) |
| 080 ## - NÚMERO DE LA CLASIFICACIÓN DECIMAL UNIVERSAL | |
| Número de la Clasificación Decimal Universal | 316.774(063) |
| 080 ## - NÚMERO DE LA CLASIFICACIÓN DECIMAL UNIVERSAL | |
| Número de la Clasificación Decimal Universal | 004:316.77(063) |
| 080 ## - NÚMERO DE LA CLASIFICACIÓN DECIMAL UNIVERSAL | |
| Número de la Clasificación Decimal Universal | 364.4(063) |
| 245 00 - MENCIÓN DEL TÍTULO | |
| Título | Crisis y cambios en la sociedad contemporánea : |
| Resto del título | comunicación y problemas sociales / |
| Mención de responsabilidad, etc. | María Dolores Cáceres Zapatero, Antonio Lucas Marín (editores) ; Javier Callejo Gallego, Juan Ignacio Rospir, Luis Deltell ... [et al.]. |
| 260 ## - PUBLICACIÓN, DISTRIBUCIÓN, ETC. | |
| Lugar de publicación, distribución, etc. | Madrid : |
| Nombre del editor, distribuidor, etc. | Fragua, |
| Fecha de publicación, distribución, etc. | 2012. |
| 300 ## - DESCRIPCIÓN FÍSICA | |
| Extensión | 406 p. : |
| Otras características físicas | il., gráf. ; |
| Dimensiones | 24 cm. |
| 490 1# - MENCIÓN DE SERIE | |
| Mención de serie | Biblioteca de ciencias de la comunicación ; |
| Designación de volumen o secuencia | 64 |
| 504 ## - NOTA DE BIBLIOGRAFÍA, ETC. | |
| Nota de bibliografía, etc. | Referencias bibliográficas. |
| 650 ## - PUNTO DE ACCESO ADICIONAL DE MATERIA--TÉRMINO DE MATERIA | |
| Término de materia o nombre geográfico como elemento de entrada | Comunicación en política- |
| Subdivisión de forma | Congresos y asambleas. |
| 9 (RLIN) | 161863 |
| 650 04 - PUNTO DE ACCESO ADICIONAL DE MATERIA--TÉRMINO DE MATERIA | |
| Término de materia o nombre geográfico como elemento de entrada | Medios de comunicación social- |
| Subdivisión general | Aspectos sociales. |
| 9 (RLIN) | 14968 |
| 650 #4 - PUNTO DE ACCESO ADICIONAL DE MATERIA--TÉRMINO DE MATERIA | |
| Término de materia o nombre geográfico como elemento de entrada | Tecnologías de la información y de la comunicación- |
| Subdivisión general | Aspectos sociales. |
| 9 (RLIN) | 161861 |
| 650 #4 - PUNTO DE ACCESO ADICIONAL DE MATERIA--TÉRMINO DE MATERIA | |
| Término de materia o nombre geográfico como elemento de entrada | Problemas sociales- |
| Subdivisión de forma | Congresos y asambleas. |
| 9 (RLIN) | 161862 |
| 700 1# - ENTRADA AGREGADA--NOMBRE PERSONAL | |
| Nombre de persona | Cáceres Zapatero, María Dolores. |
| 9 (RLIN) | 153402 |
| 700 1# - ENTRADA AGREGADA--NOMBRE PERSONAL | |
| Nombre de persona | Lucas Marín, Antonio. |
| 9 (RLIN) | 74545 |
| 700 1# - ENTRADA AGREGADA--NOMBRE PERSONAL | |
| Nombre de persona | Callejo Gallego, Javier. |
| 9 (RLIN) | 141749 |
| 711 2# - ENTRADA AGREGADA--NOMBRE DE REUNIÓN | |
| Nombre de congreso/reunión o jurisdicción como elemento de entrada | Asociación Madrileña de Sociología. Jornadas ( |
| Número del congreso/reunión o número de parte o sección | 2ª. |
| Fecha del congreso o de la firma del tratado | 2012. |
| Sede del congreso/Lugar de la reunión | Madrid) |
| 9 (RLIN) | 153403 |
| 830 0# - PUNTO DE ACCESO ADICIONAL DE SERIE-TÍTULO UNIFORME | |
| Título uniforme | Biblioteca de ciencias de la comunicación ; |
| Designación de volumen o secuencia | 64 |
| 9 (RLIN) | 191759 |
| 852 ## - LOCALIZACIÓN | |
| Ubicación | ES-MaACL |
| Número de control de estantería | A-12908 |
| itemnumber | 189439 |
| Sublocalización o colección | R.149292 |
| Ubicación en estantería | Depósito 1 |
| Signatura antigua | Olim: N-5908 |
| 942 ## - ELEMENTOS DE ENTRADA SECUNDARIOS (KOHA) | |
| Fuente del sistema de clasificación o colocación | Clasificación decimal universal |
| Tipo de ítem Koha | Libro impreso |
| Estatus retirado | Estado de pérdida | Fuente del sistema de clasificación o colocación | Estado de daño | No para préstamo | Biblioteca de origen | Biblioteca actual | Ubicación en estantería | Fecha de adquisición | Fuente de adquisición | Total de préstamos | Signatura topográfica completa | Código de barras | Visto por última vez | Precio de reemplazo | Tipo de ítem Koha |
|---|---|---|---|---|---|---|---|---|---|---|---|---|---|---|---|
| Clasificación decimal universal | Biblioteca del Ateneo de Madrid | Biblioteca del Ateneo de Madrid | Depósito 1 | 11/09/2013 | Donación | A-12908 | 1191817 | 23/02/2023 | 23/02/2023 | Libro impreso |
